000 00629nam a2200229Ia 4500
003 OSt
005 20230614114756.0
008 210423s2018 xx 000 0 und d
020 _a978-81-315-2916-4
040 _cAL
041 _aeng
082 _a543.0858
_223
_bPAVI
100 _aPAVIA (Donald L);LAMPMAN (Gary M);KRIZ (George S);VYVYAN (James R)
_986822
245 _aIntroduction to spectroscopy Ed 5
250 _a5
260 _aDelhi
_bCengage Learning
_c2018
300 _axvii,690,76
_bPB
365 _b725
_cINR
650 _aSpectroscopy
_986823
906 _aIntroduction ; spectroscopy
942 _2ddc
_cBK
999 _c169746
_d169746